000
00288nam a22001217a 4500
999
_c
5324
_d
5324
008
250904b ||||| |||| 00| 0 eng d
020
_a
9781419712173
082
_a
362.4 BEL
100
_a
BELL,CECE
_e
AUTHOR
_l
ENGLISH
245
_a
El Deafo
260
_b
Amulet Books New York
942
_2
ddc